000 01412nam a2200565Ia 4500
001 4857
008 191123s9999 xx 000 0 und d
020 _a9509864005
041 _aspa
044 _aag
100 _aGasió, Guillermo,
245 0 _aArte argentino en Japón :
_b1980 - 1985.
260 _aBuenos Aires :
_bMuseo Nacional de Bellas Artes,
_c1988.
300 _a355 p.
_c19 cm
650 _aAGATIELLO, MARIO
650 _aBATUZ,
650 _aBENEDIT, LUIS
650 _aBIENAL DE TOKYO(1980)
650 _aBONEVARDI, MARCELO
650 _aD'AMICO, ALICIA
650 _aDE JUAN, RONALDO
650 _aDIBUJOS
650 _aESCULTURAS
650 _aEXPOSICION DE ARTE ARGENTINO CONTEMPORANEO. KAMAKURA
650 _aEXPOSICIONES
650 _aFACIO, SARA
650 _aFOTOGRAFIAS
650 _aGARCIA URIBURU, NICOLAS
650 _aGRABADOS
650 _aHEREDIA, ALBERTO
650 _aIOMMI, ENIO
650 _aJAPON
650 _aKOSICE, GYULA
650 _aMALER, LEOPOLDO
650 _aPATERNOSTO, CESAR
650 _aPINTURAS
650 _aRIOS, MIGUEL ANGEL
650 _aSABAT, HERMENEGILDO
650 _aSABSAY, SOFIA
650 _aSANTANDER, CRISTINA
650 _aSEGUI, ANTONIO
902 _aM
903 _am
904 _am
907 _aImpreso
911 _a19 cm
912 _a1988
942 _cLIBRO
999 _c3796
_d3796